Campeones de la Copa Intercontinental - Estadísticas

Estadísticas generales
  • Esta prueba ha sido intentada 144 veces
  • La puntuación promedio es 29 de 43
Estadísticas de respuestas
Temporada Campeón % Correcto
2002 Real Madrid C. F.
98%
1985 Juventus F. C.
92%
1960 Real Madrid C. F.
92%
1998 Real Madrid C. F.
92%
1977 Boca Juniors
91%
1969 Milan A. C.
91%
1990 Milan A. C.
91%
2000 Boca Juniors
89%
2003 Boca Juniors
89%
1986 River Plate
88%
1964 F. C. Internazionale
83%
1965 F. C. Internazionale
83%
1976 Bayern de Múnich
78%
2001 Bayern de Múnich
78%
1999 Manchester United F. C.
76%
1989 Milan A. C.
68%
1961 Peñarol
68%
1966 Peñarol
68%
1982 Peñarol
68%
1996 Juventus F. C.
67%
1962 Santos
67%
1963 Santos
67%
1973 Independiente
64%
1984 Independiente
64%
1987 F. C. Porto
63%
2004 F. C. Porto
63%
1967 Racing Club
63%
1972 A. F. C. Ajax
60%
1995 A. F. C. Ajax
60%
1968 Estudiantes de La Plata
60%
1971 Nacional
59%
1980 Nacional
59%
1988 Nacional
59%
1992 São Paulo
58%
1993 São Paulo
58%
1981 Flamengo
53%
1994 Vélez Sarsfield
53%
1974 Atlético de Madrid
51%
1991 Estrella Roja de Belgrado
45%
1979 Olimpia
45%
1983 Grêmio
41%
1997 Borussia Dortmund
39%
1970 S. C. Feijenoord
39%
No se encontraron pruebas coincidentes
Distribución de puntuación
Porcentaje de gente con cada puntuación
Porcentaje por número respondido
Historial de tus puntuaciones
No has intentado esta prueba.